<?xml version="1.0" encoding="UTF-8"?>
<record
    xmlns:xsi="http://www.w3.org/2001/XMLSchema-instance"
    xsi:schemaLocation="http://www.loc.gov/MARC21/slim http://www.loc.gov/standards/marcxml/schema/MARC21slim.xsd"
    xmlns="http://www.loc.gov/MARC21/slim">

  <leader>01122nam a22002057a 4500</leader>
  <controlfield tag="005">20220411162402.0</controlfield>
  <controlfield tag="008">220311b           ||||| |||| 00| 0 eng d</controlfield>
  <datafield tag="020" ind1=" " ind2=" ">
    <subfield code="a">9780840068286</subfield>
  </datafield>
  <datafield tag="040" ind1=" " ind2=" ">
    <subfield code="c">AL</subfield>
  </datafield>
  <datafield tag="041" ind1=" " ind2=" ">
    <subfield code="a">eng</subfield>
  </datafield>
  <datafield tag="082" ind1=" " ind2=" ">
    <subfield code="2">23</subfield>
    <subfield code="a">540.2461</subfield>
    <subfield code="b">ARMG</subfield>
  </datafield>
  <datafield tag="100" ind1=" " ind2=" ">
    <subfield code="a">James Armstrong</subfield>
    <subfield code="9">23403</subfield>
  </datafield>
  <datafield tag="245" ind1=" " ind2=" ">
    <subfield code="a">General organic and biochemistry</subfield>
    <subfield code="b">an applied approach</subfield>
  </datafield>
  <datafield tag="260" ind1=" " ind2=" ">
    <subfield code="a">Australia</subfield>
    <subfield code="b">Brooks/cole</subfield>
    <subfield code="c">2012</subfield>
  </datafield>
  <datafield tag="300" ind1=" " ind2=" ">
    <subfield code="a">xix,721p.</subfield>
    <subfield code="b">PB</subfield>
    <subfield code="c">27.5x21.5cm.</subfield>
  </datafield>
  <datafield tag="365" ind1=" " ind2=" ">
    <subfield code="2">General</subfield>
    <subfield code="a">VBI-1345</subfield>
    <subfield code="b">&#x20B9;4121.25</subfield>
    <subfield code="c">&#x20B9;</subfield>
    <subfield code="d">&#x20B9;5495.00</subfield>
    <subfield code="e">25%</subfield>
    <subfield code="f">21/02/2022</subfield>
  </datafield>
  <datafield tag="520" ind1=" " ind2=" ">
    <subfield code="a">Focused, easy-to-understand, and packed with applications to medicine and health, this book is designed throughout to help you develop the problem-solving skills and understanding of health-related chemistry you'll need in your future career. The author takes an engaging problem-solving approach, illustrating key points through worked examples and walking you through each step in the problem-solving process. In addition, the book's end-of-chapter material serves as built-in study guide to help you review for quizzes and tests.
</subfield>
  </datafield>
  <datafield tag="650" ind1=" " ind2=" ">
    <subfield code="2">Chemistry</subfield>
  </datafield>
  <datafield tag="942" ind1=" " ind2=" ">
    <subfield code="2">ddc</subfield>
    <subfield code="c">BK</subfield>
  </datafield>
  <datafield tag="999" ind1=" " ind2=" ">
    <subfield code="c">221830</subfield>
    <subfield code="d">221830</subfield>
  </datafield>
  <datafield tag="952" ind1=" " ind2=" ">
    <subfield code="0">0</subfield>
    <subfield code="1">0</subfield>
    <subfield code="2">ddc</subfield>
    <subfield code="4">0</subfield>
    <subfield code="7">0</subfield>
    <subfield code="8">GC</subfield>
    <subfield code="a">SACPG</subfield>
    <subfield code="b">SACPG</subfield>
    <subfield code="d">2022-03-09</subfield>
    <subfield code="e">Vidyarthi Books</subfield>
    <subfield code="g">4121.25</subfield>
    <subfield code="l">0</subfield>
    <subfield code="o">540.2461 ARMG</subfield>
    <subfield code="p">PG023751</subfield>
    <subfield code="r">2022-08-24 00:00:00</subfield>
    <subfield code="v">5495.00</subfield>
    <subfield code="w">2022-02-21</subfield>
    <subfield code="y">BK</subfield>
  </datafield>
</record>
